00526nam a22001577a 450000500170000001000150001702000270003203500140005903700130007308200120008624500890009826000450018727000640023230000210029650000510031720200217130555.0 aENG-127886 c1295.00a9780198081685 aEN-111418 bDBAD/PUB a200.954 aReligious Interactions in Modern India/cedited by Martin Fuchs [and] Vasudha Dalmia aNew Delhic2019bOxford University Press a2/11 Ground Floor,Ansari Road,Dariyaganje110002bNew Delhi avi;438p.b23(hb) aincludes bibliographical references and index